MARC

LEADER 00000nam0a2200000 4500
001 122471
005 20231031130037.0
020 |a RU  |b 80-84109 
035 |a (RuTPU)RU\TPU\book\132600 
090 |a 122471 
100 |a 20071004d1980 km a0rusy5003 ca 
101 0 |a rus 
102 |a RU 
105 |a a z 001zy 
200 1 |a Вычислимое и невычислимое  |f Ю. И. Манин 
210 |a Москва  |c Сов. радио  |d 1980 
215 |a 128 с.  |c ил. 
225 1 |a Кибернетика 
320 |a Список литературы: с. 123-124. 
610 1 |a вычислимость 
610 1 |a невычислимость 
610 1 |a рекурсивные алгоритмы 
610 1 |a рекурсивные функции 
610 1 |a сложность 
610 1 |a случайность 
610 1 |a формальные языки 
610 1 |a теорема Геделя 
675 |a 519.65  |v 3 
700 1 |a Манин  |b Ю. И.  |g Юрий Иванович 
801 0 |a RU  |b RuMRKP  |c 19950704  |g psbo 
801 1 |a RU  |b 63413507  |c 20071004  |g PSBO 
801 2 |a RU  |b 63413507  |c 20080924  |g PSBO 
942 |c BK